Bytový dom

Gespeichert in:
Bibliographische Detailangaben
1. Verfasser: Hlavatý, Matej (Verfasst von)
Weitere Verfasser: Mikolai, Imrich (Betreuung Doktorarbeit)
Format: Manuskript Buch
Sprache:Slowakisch
Veröffentlicht: 2023
Schlagworte:
Online-Zugang:http://is.stuba.sk/zp/portal_zp.pl?podrobnosti=156001
https://opac.crzp.sk/?fn=detailBiblioForm&sid=0A15AC6E5E2ED0F3D5D4C2342BCF
Tags: Tag hinzufügen
Keine Tags, Fügen Sie das erste Tag hinzu!

MARC

LEADER 00000ntm a22000003a 4500
001 stuzp93857
003 SK-STU
005 20230918153634.8
007 ta
008 150427s2015----xo-----f-mn---000-0-slo-d
040 |a STU  |b slo 
041 0 |a slo 
100 1 |a Hlavatý, Matej  |u 010180  |4 aut  |U SvF Stavebná fakulta  |T SvF Katedra konštrukcií pozemných stavieb  |X 103918  |U V180  |Y 18  |7 103918 
242 0 1 |a Dweling house  |y eng 
245 1 0 |a Bytový dom 
260 |c 2023 
650 4 |a bytový dom  |2 slo 
650 4 |a betón  |2 slo 
650 4 |a polyfunkcia  |2 slo 
650 4 |a flat house  |2 eng 
650 4 |a concrete  |2 eng 
650 4 |a multi-function  |2 eng 
700 1 |a Mikolai, Imrich  |4 ths  |X 774  |7 A000000774 
856 4 |u http://is.stuba.sk/zp/portal_zp.pl?podrobnosti=156001 
856 4 |u https://opac.crzp.sk/?fn=detailBiblioForm&sid=0A15AC6E5E2ED0F3D5D4C2342BCF